000 00241nam a22000857a 4500
008 160702b xxu||||| |||| 00| 0 eng d
100 _91772
_a Sharma, S.K., et al
245 _aLearning and Teaching Learning Process
260 _aDelhi
_b Isha
_c2005
999 _c1476
_d1476